No room in the ark.

Bibliographic Details
Main Author: Moorehead, Alan, 1910-1983
Format: Book
Language:English
Published: New York : Harper, [1959]
Subjects:

MARC

Tag First Indicator Second Indicator Subfields
LEADER 00000cam a2200000 4500
001 in00000040176
005 20151007072341.0
008 761227s1959 nyua 00000 eng
035 |a (OCoLC)02649322 
035 |9 AAE7716AM 
040 |a DLC  |c OHI  |d TXA  |d UtOrBLW 
049 |a TXAM  |c [318772] 
090 |a QL336  |b .M6 1960 
092 |a 591.96  |b M825n, 1959 
100 1 |a Moorehead, Alan,  |d 1910-1983. 
245 1 0 |a No room in the ark. 
264 1 |a New York :  |b Harper,  |c [1959] 
264 4 |c [©1959] 
300 |a 227 pages :  |b illustrations ;  |c 22 cm. 
336 |a text  |b txt  |2 rdacontent 
337 |a unmediated  |b n  |2 rdamedia 
338 |a volume  |b nc  |2 rdacarrier 
650 0 |a Zoology  |z Africa. 
650 0 |a Animal behavior. 
651 0 |a Africa  |x Description and travel. 
999 |a MARS 
999 f f |s 663cdc68-ff39-3fd7-b091-2f57d66e1f07  |i 429d6ef5-dd84-3a52-8c90-e08dabb2bced  |t 0 
952 f f |p ric  |a Texas A&M University  |b Rellis Campus  |c Joint Library Facility  |d Remote Storage  |t 0  |e QL336 .M6 1960  |h Library of Congress classification  |i unmediated -- volume  |m A14801009583 
998 f f |a QL336 .M6 1960  |t 0  |l Remote Storage